00956nam a2200205 a 450000100060000000300090000600800410001502000150005604000280007108200180009910000870011724500350020425000060023926000370024530000080028250503580029065000410064865000380068965000230072721315CO-ViMGA141112s2004 ck r 000 u spa d a9589181953 aCO-ViMGAbspacCO-ViMGA04a658.562 M151g1 aMalagón - Londoño, Gustavo; Galán Morera, Ricardo; Pontón Laverde, Gabriel10aGarantía de calidad en salud a2 aBogotá; PanAméricana, c2006 a696 aReseña general sobre la calidad 1 - - La epidemiología fundamento para la calidad 103 - - La prevención de la infección en la institución de salud 219 - - Sistemas de administración ambiental y su aplicación en organizaciones de prestación de servicios de salud 371 - - Administración de conflictos para el logro de la excelencia 540 14aADMINISTRACION DE SERVICIOS DE SALUD14aCALIDAD DE LOS SERVICIOS DE SALUD14aSERVICIOS DE SALUD